000 00703nam a2200193 i 4500
001 27944
003 ES-MaACL
007 t|
008 030115s1930 sp ||||1| spa d
100 1 _aBacmeister, Adolf.
_924505
245 1 0 _aEnfermedades del pulmón /
_cAdolfo Bacmeister ; traducción de la tercera edición corregida y aumentada por Lorenzo Gironés.
260 _aBarcelona, etc. :
_bLabor,
_c1930.
300 _aXI, 400 p. :
_bil. ;
_c24 cm.
490 1 _aLas especialidades en la medicina práctica ;
_v11
700 1 _aGironés, Lorenzo.
_957303
830 0 4 _aLas especialidades en la medicina práctica
_v11
_9182799
852 _aES-MaACL
_jC-6703
999 _c27944
_d27944